000 00726nam a22002417a 4500
005 20170124110252.0
010 _aB-063197
020 _c00.00
_a817808113
035 _aB-063197
037 _bCen Lib/Ret
040 _aDPL
_bEN
082 _a005.43
_bKUN
100 _aKunth, A.
_999902
245 _aThe art of computer programming /
_cby A. Kunth
246 _b
260 _aDelhi
_bPearson Education, Inc
_c2002
270 _bDelhi
_a482, F.I.E., Patparganj
_e110092
300 _axiii, 780p.
_c22cm(Hb)
500 _aIncludes appendix, glossary and index
650 _aComputer science -- Programming
_999903
650 _aComputer programming
_91122
942 _2ddc
_cEN
_h005.43
_mKUN
999 _c135971
_d135971